[Event "CAN-ch U10 Girls"]
[Site "Richmond Hill"]
[Date "2011.07.08"]
[Round "6"]
[White "Boucher, Katrine"]
[Black "Larochelle, Sara"]
[Result "1/2-1/2"]
[WhiteElo "956"]
[BlackElo "801"]
[PlyCount "91"]
[EventDate "2011.07.06"]
[EventType "swiss"]
[EventRounds "7"]
[EventCountry "CAN"]
[SourceTitle "EXT 2022"]
[Source "ChessBase"]
[SourceDate "2021.10.06"]
[SourceVersion "1"]
[SourceVersionDate "2021.10.06"]
[SourceQuality "1"]

1. e4 d6 2. Nf3 g6 3. Nc3 Nf6 4. d3 Bg7 5. d4 0-0 6. Bc4 e6 7. e5 Ng4 8. 0-0 Nc6 9. Bg5 Qe8 10. Nh4 Na5 11. Bb5 Bd7 12. Qxg4 Bxb5 13. Nxb5 Qxb5 14. b3 Qa6 15. b4 Nb3 16. cxb3 Bxe5 17. b5 Qxb5 18. Rad1 Qa6 19. dxe5 f5 20. exf6 Qxa2 21. Rb1 Rac8 22. Qxe6+ Rf7 23. Qe4 Kf8 24. Qxb7 Re8 25. Ra1 Qe2 26. g3 Re5 27. Bh6+ Kg8 28. Qb8+ Rf8 29. Bxf8 Kf7 30. Bh6 Qf3 31. Nxf3 Rh5 32. Qf8+ Ke6 33. Be3 Kd5 34. Rxa7 Kc6 35. g4 Rb5 36. Nd4+ Kb6 37. Nxb5+ Kxb5 38. Rxc7 Ka6 39. Bh6 Kb6 40. Qxd6+ Kb5 41. Qd7+ Ka6 42. Qd4 g5 43. Rc5 Kb6 44. Qd6+ Kb7 45. Rc7+ Kb8 46. Qd8# 1/2-1/2